[Event "Bad Woerishofen sen"]
[Site "?"]
[Date "2002.??.??"]
[Round "8"]
[White "Schratzenstaller, Albert"]
[Black "Ottmann, Josef"]
[Result "0-1"]
[WhiteElo "1744"]
[BlackElo "1950"]
[Annotator "ChessOrg"]
[PlyCount "106"]
[EventDate "2002.??.??"]

1. c4 e5 2. Nc3 Nf6 3. g3 d6 4. Bg2 c6 5. d4 Nbd7 6. e4 Be7 7. Nge2 Qc7 8. Be3
O-O 9. O-O Re8 10. Rb1 Nf8 11. b4 Bd7 12. a4 Qc8 13. d5 Bh3 14. f3 Bxg2 15.
Kxg2 Ng6 16. Rh1 Rf8 17. h4 h5 18. dxc6 bxc6 19. b5 a5 20. Bg5 Rd8 21. Rb2 Qb7
22. Rd2 Ne8 23. Qa1 f6 24. Be3 c5 25. Nd5 Bf8 26. Qf1 Nc7 27. Nec3 Ne6 28. Kf2
Nd4 29. Qh3 Ra7 30. Rb2 Qd7 31. Qh2 Rb7 32. Rg1 f5 33. Bg5 fxe4 34. Nxe4 Qf5
35. Qg2 Rdd7 36. Be3 Ne7 37. g4 hxg4 38. Nxe7+ Bxe7 39. Qxg4 Bxh4+ 40. Kf1
Qxf3+ 41. Qxf3 Nxf3 42. Rgg2 Nd4 43. Kg1 Rb6 44. Kh1 Rf7 45. Rb1 Rf3 46. Bh6
Rh3+ 47. Kg1 Nf3+ 48. Kf1 Rh1+ 49. Ke2 Nd4+ 50. Kd3 Rxb1 51. Rxg7+ Kh8 52. Ra7
Nf5 53. Kc2 Rb4 0-1

[Event "Bad Woerishofen sen"]
[Site "?"]
[Date "2002.??.??"]
[Round "8"]
[White "Scheerer, Helmut"]
[Black "Krueger, Manfred"]
[Result "1-0"]
[WhiteElo "1846"]
[BlackElo "1303"]
[Annotator "ChessOrg"]
[PlyCount "161"]
[EventDate "2002.??.??"]

1. e4 e5 2. Nf3 Nc6 3. Bc4 d6 4. d3 Be7 5. Nc3 Nf6 6. O-O Na5 7. Bb3 Nxb3 8.
axb3 Bd7 9. Qe2 a6 10. h3 b5 11. Nh2 Qc8 12. f4 b4 13. Nd1 O-O 14. fxe5 dxe5
15. Ne3 Bc5 16. Kh1 Rb8 17. Nf5 Kh8 18. Bg5 Ng8 19. Ra5 Rb5 20. Raa1 Rb6 21.
Be3 Bxe3 22. Nxe3 Rh6 23. Nf5 Rf6 24. Ng4 Re6 25. Ra5 f6 26. Qe1 Rc6 27. Nge3
Bxf5 28. Rxf5 Ne7 29. Rf2 Qb7 30. Rxe5 Ng6 31. Rd5 Re6 32. Qd2 c6 33. Ra5 Qb6
34. Ra4 c5 35. Nd5 Qb8 36. Nf4 Nxf4 37. Qxf4 Qd8 38. Qe3 Qd6 39. Ra1 Qe5 40.
Raf1 h6 41. Rf5 Qxb2 42. Qxc5 Ree8 43. R5f2 Qa3 44. Qd4 Qa5 45. Ra1 Qb5 46. Qd6
Ra8 47. Rf5 Qb7 48. Ra4 Rfb8 49. Rc5 Rd8 50. Qg3 Rdc8 51. Qf2 Rxc5 52. Qxc5 Rc8
53. Rxb4 Rxc5 54. Rxb7 Rxc2 55. Rb4 Kg8 56. Kh2 Kf7 57. Kg3 Rc3 58. Kf3 Rxd3+
59. Ke2 Rd6 60. Ke3 Ke6 61. g3 Ke5 62. Rc4 Rb6 63. Rc5+ Ke6 64. Rc3 Kd6 65. h4
Rb5 66. Kd4 Ra5 67. Rc8 Ke7 68. Rc7+ Kf8 69. Ra7 Ra1 70. b4 Rg1 71. Rxa6 Rxg3
72. b5 Ke7 73. Rc6 Kd7 74. Rc4 f5 75. exf5 Rg4+ 76. Kd5 h5 77. Rxg4 hxg4 78.
Ke4 Kd6 79. Kf4 g3 80. Kxg3 Kc5 81. Kf4 1-0

[Event "Bad Woerishofen sen"]
[Site "?"]
[Date "2002.??.??"]
[Round "8"]
[White "Gudat, Alfons"]
[Black "Liszka, Guenter"]
[Result "1-0"]
[WhiteElo "2047"]
[BlackElo "1773"]
[Annotator "ChessOrg"]
[PlyCount "113"]
[EventDate "2002.??.??"]

1. e4 c5 2. Nf3 d6 3. Bb5+ Nd7 4. O-O a6 5. Bxd7+ Bxd7 6. c3 Bc6 7. Re1 Nf6 8.
d4 Bxe4 9. Bg5 Bxb1 10. Rxb1 h6 11. Bh4 g5 12. Bg3 Bg7 13. Qb3 Rb8 14. dxc5 O-O
15. Rbd1 Ne8 16. cxd6 exd6 17. h4 Bf6 18. hxg5 hxg5 19. Qd5 Be7 20. Nd4 Nc7 21.
Qe4 Re8 22. Nf5 Bf8 23. Qg4 Rxe1+ 24. Rxe1 Ne8 25. f4 f6 26. fxg5 fxg5 27. Bf4
Qf6 28. Bxg5 Qg6 29. Qf4 Rc8 30. Nd4 Rc5 31. Bh4 Bh6 32. Rxe8+ Qxe8 33. Qxh6
Rh5 34. Qf4 Qg6 35. Qg3 Qxg3 36. Bxg3 d5 37. Kf2 Kf7 38. Nf3 Rh1 39. Ne1 Rh5
40. Bf4 Rh1 41. Nd3 Rh7 42. Ke3 Ke6 43. Nf2 Kf5 44. g4+ Ke6 45. Kd4 Rf7 46. Be3
Rc7 47. b3 b6 48. Nd3 Rg7 49. g5 Rh7 50. Nf4+ Kd6 51. g6 Rh4 52. a4 Rg4 53. Kd3
Rg3 54. Ke2 Ke5 55. Kf2 Rg4 56. Kf3 Rg5 57. Nd3+ 1-0

[Event "Bad Woerishofen sen"]
[Site "?"]
[Date "2002.??.??"]
[Round "9"]
[White "Hein, Manfred"]
[Black "Wunderer, Eckart"]
[Result "1/2-1/2"]
[WhiteElo "2107"]
[BlackElo "2190"]
[Annotator "ChessOrg"]
[PlyCount "53"]
[EventDate "2002.??.??"]

1. e4 d6 2. d4 Nf6 3. Nc3 c6 4. f3 Nbd7 5. Be3 e5 6. d5 Be7 7. Qd2 cxd5 8. Nxd5
Nxd5 9. Qxd5 O-O 10. c4 Qc7 11. b3 Nc5 12. Ne2 Be6 13. Qd2 a5 14. Nc3 b6 15.
Bd3 Rad8 16. Bc2 Qb7 17. O-O Kh8 18. Qe2 f6 19. Rfd1 g6 20. Rd2 Rg8 21. Rad1 f5
22. Kh1 f4 23. Bg1 g5 24. h3 h5 25. Nd5 g4 26. fxg4 hxg4 27. Nxf4 1/2-1/2

[Event "Bad Woerishofen sen"]
[Site "?"]
[Date "2002.??.??"]
[Round "9"]
[White "Xander, Karl"]
[Black "Fischer, Johann"]
[Result "1-0"]
[WhiteElo "1971"]
[BlackElo "2306"]
[Annotator "ChessOrg"]
[PlyCount "55"]
[EventDate "2002.??.??"]

1. e4 e5 2. Nf3 Nc6 3. Bb5 a6 4. Ba4 d6 5. O-O Bd7 6. d3 b5 7. Bb3 Na5 8. Nbd2
Nf6 9. c3 Nxb3 10. Nxb3 Be7 11. Re1 O-O 12. d4 exd4 13. cxd4 a5 14. d5 c5 15.
Nbd2 Re8 16. b3 a4 17. bxa4 Rxa4 18. Bb2 Bf8 19. Qc2 Be7 20. h3 Qa5 21. a3 Rc8
22. Rad1 Qa6 23. e5 Nxd5 24. Ne4 Rc4 25. Qd2 Be6 26. exd6 Rxe4 27. Rxe4 Bxd6
28. Qg5 1-0

[Event "Bad Woerishofen sen"]
[Site "?"]
[Date "2002.??.??"]
[Round "9"]
[White "Boeven, Manfred"]
[Black "Schmid, Hermann"]
[Result "1-0"]
[WhiteElo "2134"]
[BlackElo "2169"]
[Annotator "ChessOrg"]
[PlyCount "49"]
[EventDate "2002.??.??"]

1. d4 d5 2. Nc3 Bf5 3. f3 e6 4. e4 Bg6 5. Bd3 Bb4 6. Nge2 Ne7 7. Be3 Nd7 8. O-O
c6 9. a3 Ba5 10. Qd2 O-O 11. Bg5 f6 12. Bh4 e5 13. b4 dxe4 14. Bc4+ Kh8 15.
bxa5 Nf5 16. Bf2 exf3 17. gxf3 exd4 18. Nxd4 Ne5 19. Be2 Qxa5 20. f4 Rad8 21.
fxe5 Qxe5 22. Rad1 c5 23. Nf3 Rxd2 24. Nxe5 Rxd1 25. Nxg6+ 1-0

[Event "Bad Woerishofen sen"]
[Site "?"]
[Date "2002.??.??"]
[Round "9"]
[White "Delander, Adolf"]
[Black "Dryzek, Tadeusz"]
[Result "1/2-1/2"]
[WhiteElo "2252"]
[BlackElo "2057"]
[Annotator "ChessOrg"]
[PlyCount "34"]
[EventDate "2002.??.??"]

1. d4 Nf6 2. Nf3 e6 3. c4 d5 4. e3 Nbd7 5. Nbd2 e5 6. Be2 Be7 7. O-O O-O 8. b3
b6 9. Bb2 Bb7 10. Qc2 Rc8 11. Rac1 Ne4 12. Nxe4 dxe4 13. Nxe5 Nxe5 14. dxe5 f6
15. f4 exf3 16. Bxf3 Bxf3 17. Rxf3 f5 1/2-1/2

[Event "Bad Woerishofen sen"]
[Site "?"]
[Date "2002.??.??"]
[Round "9"]
[White "Goy, Udo"]
[Black "Minz, Michail"]
[Result "1/2-1/2"]
[WhiteElo "2191"]
[BlackElo "2133"]
[Annotator "ChessOrg"]
[PlyCount "80"]
[EventDate "2002.??.??"]

1. d4 d5 2. Nf3 Bf5 3. g3 Nf6 4. Bg2 h6 5. O-O e6 6. c4 c6 7. b3 Nbd7 8. Nbd2
Ne4 9. Bb2 Bd6 10. Ne1 Nxd2 11. Qxd2 Nf6 12. f3 Qe7 13. Nd3 Bxd3 14. Qxd3 Ba3
15. Bc3 Bb4 16. Rac1 Bxc3 17. Rxc3 Rd8 18. c5 e5 19. e3 O-O 20. Qd2 exd4 21.
exd4 Rfe8 22. Rcc1 Qe3+ 23. Qxe3 Rxe3 24. Rfe1 Rde8 25. Kf2 Rxe1 26. Rxe1 Rxe1
27. Kxe1 Kf8 28. Kd2 Ke7 29. Ke3 Nd7 30. Bf1 b6 31. b4 b5 32. Bh3 g6 33. Kf4 f6
34. Ke3 Kd8 35. Bf1 Ke7 36. Bd3 Kf7 37. h4 Nf8 38. Bf1 f5 39. g4 fxg4 40. fxg4
g5 1/2-1/2

[Event "Bad Woerishofen sen"]
[Site "?"]
[Date "2002.??.??"]
[Round "9"]
[White "Zunker, Reinhard"]
[Black "Rahn, Oskar"]
[Result "1/2-1/2"]
[WhiteElo "2227"]
[BlackElo "2060"]
[Annotator "ChessOrg"]
[PlyCount "33"]
[EventDate "2002.??.??"]

1. e4 e5 2. Nf3 Nc6 3. Bc4 Nf6 4. d3 Be7 5. c3 O-O 6. O-O d5 7. exd5 Nxd5 8.
Re1 Nb6 9. Bb3 Bf6 10. Qe2 Bf5 11. Bc2 Nd5 12. Na3 Re8 13. h3 h6 14. Nh2 Bg5
15. Qf3 Bxc1 16. Raxc1 Qd7 17. Nc4 1/2-1/2

[Event "Bad Woerishofen sen"]
[Site "?"]
[Date "2002.??.??"]
[Round "9"]
[White "Igney, Volkhard"]
[Black "Neese, Hans-Joachim"]
[Result "1/2-1/2"]
[WhiteElo "2232"]
[BlackElo "2136"]
[Annotator "ChessOrg"]
[PlyCount "28"]
[EventDate "2002.??.??"]

1. d4 Nf6 2. c4 e6 3. Nc3 b6 4. e4 d6 5. Nf3 Nbd7 6. Be2 Bb7 7. Qc2 e5 8. d5 g6
9. O-O Bg7 10. Ne1 O-O 11. Bg5 h6 12. Be3 Qe7 13. Qc1 Kh7 14. b4 a5 1/2-1/2

[Event "Bad Woerishofen sen"]
[Site "?"]
[Date "2002.??.??"]
[Round "9"]
[White "Schlag, Franz"]
[Black "Potthammel, Joerg"]
[Result "1/2-1/2"]
[WhiteElo "2147"]
[BlackElo "2073"]
[Annotator "ChessOrg"]
[PlyCount "22"]
[EventDate "2002.??.??"]

1. Nc3 d5 2. e4 c6 3. d4 dxe4 4. Nxe4 Bf5 5. Ng3 Bg6 6. Nf3 Nd7 7. Bd3 Bxd3 8.
Qxd3 Ngf6 9. O-O e6 10. Bg5 Be7 11. Bxf6 Nxf6 1/2-1/2

[Event "Bad Woerishofen sen"]
[Site "?"]
[Date "2002.??.??"]
[Round "9"]
[White "Gretzer, Otmar"]
[Black "Marzluf, Dieter"]
[Result "1-0"]
[WhiteElo "2174"]
[BlackElo "1831"]
[Annotator "ChessOrg"]
[PlyCount "59"]
[EventDate "2002.??.??"]

1. e4 e6 2. d4 d5 3. Nd2 Nf6 4. e5 Nfd7 5. Ngf3 c5 6. c3 Nc6 7. Bd3 g6 8. O-O
Bg7 9. Re1 O-O 10. Nf1 c4 11. Bc2 b5 12. Bg5 Qb6 13. Qd2 Re8 14. a3 Bb7 15. Bh6
Bh8 16. Ne3 a5 17. Ng4 f5 18. exf6 Nxf6 19. Qf4 Nh5 20. Qd2 Nf6 21. Qg5 Ne4 22.
Bxe4 dxe4 23. Nf6+ Bxf6 24. Qxf6 Qc7 25. Rxe4 Qf7 26. Qxf7+ Kxf7 27. Ng5+ Kg8
28. Rae1 Nd8 29. Re5 Bd5 30. Rxd5 1-0

[Event "Bad Woerishofen sen"]
[Site "?"]
[Date "2002.??.??"]
[Round "9"]
[White "Kuehn, Peter"]
[Black "Schumacher, Horst"]
[Result "1-0"]
[WhiteElo "2013"]
[BlackElo "1776"]
[Annotator "ChessOrg"]
[PlyCount "45"]
[EventDate "2002.??.??"]

1. e4 d5 2. exd5 Nf6 3. d4 c6 4. Nf3 Qxd5 5. Nc3 Qa5 6. Bd2 Qc7 7. Bd3 Bg4 8.
h3 Bh5 9. Qe2 Nbd7 10. g4 Bg6 11. Bxg6 hxg6 12. O-O-O O-O-O 13. Ng5 e6 14. Nxf7
Bb4 15. Nxh8 Rxh8 16. g5 Nd5 17. Nxd5 Bxd2+ 18. Qxd2 exd5 19. Rde1 Nb6 20. b3
Qd6 21. Kb1 Kc7 22. Re3 a5 23. Rhe1 1-0

[Event "Bad Woerishofen sen"]
[Site "?"]
[Date "2002.??.??"]
[Round "9"]
[White "Storkebaum, Karl-Heinz"]
[Black "Walther, Diethelm"]
[Result "0-1"]
[WhiteElo "1848"]
[BlackElo "2091"]
[Annotator "ChessOrg"]
[PlyCount "92"]
[EventDate "2002.??.??"]

1. d4 d5 2. c4 Bf5 3. Nf3 e6 4. e3 c6 5. Nc3 Nf6 6. a3 Nbd7 7. cxd5 exd5 8. Bd3
Bxd3 9. Qxd3 Bd6 10. O-O O-O 11. Re1 Re8 12. e4 dxe4 13. Nxe4 Nxe4 14. Rxe4
Rxe4 15. Qxe4 Nf6 16. Qd3 Qd7 17. Bd2 Rd8 18. Bg5 Be7 19. Rd1 h6 20. Bh4 Nd5
21. Bxe7 Qxe7 22. Re1 Qf6 23. b4 Nf4 24. Qe4 Ne6 25. Rd1 Rd5 26. h3 Qd8 27. Kh1
a5 28. Qe3 axb4 29. axb4 Qd6 30. Qc3 Nc7 31. Qe1 Rb5 32. Rb1 g6 33. Qd2 Kg7 34.
Ne1 h5 35. Rb2 Rd5 36. Nf3 Nb5 37. Rb1 Nxd4 38. Nxd4 Rxd4 39. Qc3 f6 40. Kg1
Rd1+ 41. Rxd1 Qxd1+ 42. Kh2 Qd5 43. Kg1 b6 44. Qe3 Qd1+ 45. Kh2 Qd6+ 46. g3
Qxb4 0-1

[Event "Bad Woerishofen sen"]
[Site "?"]
[Date "2002.??.??"]
[Round "9"]
[White "Thielemann, Joachim"]
[Black "Wild, Gerhard"]
[Result "0-1"]
[WhiteElo "2073"]
[BlackElo "1987"]
[Annotator "ChessOrg"]
[PlyCount "120"]
[EventDate "2002.??.??"]

1. e4 c5 2. Nc3 d6 3. g3 Nc6 4. Bg2 g6 5. d3 Bg7 6. Nge2 e6 7. O-O Nge7 8. Rb1
O-O 9. Bf4 a6 10. Qd2 Re8 11. Bh6 Bh8 12. h4 b5 13. h5 b4 14. Nd1 Qc7 15. c3 a5
16. hxg6 hxg6 17. Ne3 f6 18. Bf3 Bg7 19. Bxg7 Kxg7 20. Ng4 Rh8 21. Kg2 f5 22.
Ne3 Ne5 23. Rh1 Bb7 24. Nf4 Kf7 25. Rh3 Nxf3 26. Kxf3 fxe4+ 27. dxe4 Rxh3 28.
Nxh3 Rh8 29. Ng5+ Ke8 30. Nc4 d5 31. Nxe6 Qc6 32. Ng7+ Kf8 33. Qf4+ Kxg7 34.
Qe5+ Qf6+ 35. Qxf6+ Kxf6 36. e5+ Ke6 37. Nxa5 Ba8 38. cxb4 cxb4 39. Re1 Rc8 40.
Nb3 Nc6 41. Kg2 d4 42. Kh3 Rh8+ 43. Kg4 Nxe5+ 44. Kf4 Rf8+ 45. Kg5 Kd5 46. Rd1
Nf3+ 47. Kxg6 Bc6 48. Kg7 Ra8 49. Rd3 Kc4 50. Rxf3 Bxf3 51. Nd2+ Kd3 52. Nxf3
Rxa2 53. Ne5+ Ke4 54. f4 Rxb2 55. Nc4 Rc2 56. Nd6+ Kd5 57. Ne8 b3 58. f5 b2 59.
f6 Rf2 60. f7 Rxf7+ 0-1

[Event "Bad Woerishofen sen"]
[Site "?"]
[Date "2002.??.??"]
[Round "9"]
[White "Josting, Friedel"]
[Black "Bierwisch, Bernhard"]
[Result "0-1"]
[WhiteElo "1840"]
[BlackElo "2171"]
[Annotator "ChessOrg"]
[PlyCount "108"]
[EventDate "2002.??.??"]

1. Nf3 Nf6 2. d4 g6 3. Bf4 Bg7 4. e3 d6 5. h3 c5 6. Nbd2 Nbd7 7. c3 b6 8. Bc4
Bb7 9. O-O O-O 10. Qe2 Qc7 11. Ba6 Rfe8 12. Bg3 e5 13. Bxb7 Qxb7 14. dxe5 dxe5
15. e4 Bh6 16. Rfe1 Nh5 17. Nc4 Nxg3 18. fxg3 Qc7 19. Rad1 Re6 20. Ne3 Bxe3+
21. Qxe3 c4 22. Ng5 Re7 23. Rf1 f6 24. Nf3 Qc5 25. Kf2 Qb5 26. Rd2 Nc5 27. Ne1
Rd7 28. Rxd7 Qxd7 29. Kg1 Kg7 30. Qf3 Rf8 31. Qe2 b5 32. Nc2 Qd3 33. Qxd3 cxd3
34. Nb4 a5 35. Nc6 Nxe4 36. g4 Ra8 37. Rd1 Ra6 38. Nd8 d2 39. Kf1 f5 40. gxf5
gxf5 41. Ke2 Kf6 42. g4 f4 43. h4 Nd6 44. Rxd2 Ke7 45. Rd5 e4 46. Rh5 Kxd8 47.
Rxh7 b4 48. h5 bxc3 49. bxc3 Rb6 50. h6 Rb2+ 51. Ke1 e3 52. Rh8+ Ke7 53. h7 f3
54. Re8+ Nxe8 0-1

[Event "Bad Woerishofen sen"]
[Site "?"]
[Date "2002.??.??"]
[Round "9"]
[White "Servaty, Rudolf"]
[Black "Ottmann, Josef"]
[Result "1/2-1/2"]
[WhiteElo "2201"]
[BlackElo "1950"]
[Annotator "ChessOrg"]
[PlyCount "103"]
[EventDate "2002.??.??"]

1. d4 Nf6 2. c4 e6 3. Nc3 Bb4 4. e3 c5 5. Nf3 d5 6. a3 Bxc3+ 7. bxc3 O-O 8. Bd3
Nc6 9. O-O b6 10. Ne5 Nxe5 11. dxe5 dxc4 12. Bxc4 Nd5 13. Qc2 Bb7 14. e4 Ne7
15. Bg5 Qc7 16. f4 Nc6 17. Rae1 h6 18. Bh4 Na5 19. Ba2 c4 20. Qe2 Rac8 21. Qg4
Kh7 22. Bf2 Qe7 23. Bd4 Qxa3 24. Bb1 Nb3 25. Be3 Rcd8 26. f5 Bc8 27. Qh4 Rg8
28. fxe6 Bxe6 29. Rf6 Qf8 30. Rf5 Nc5 31. Ref1 Bxf5 32. exf5 f6 33. Qxc4 Qe7
34. Bd4 Kh8 35. Qe2 Nd7 36. e6 Nb8 37. Be4 Rc8 38. Qb5 Qc7 39. Bd5 Rge8 40. c4
Nc6 41. Be3 Ne7 42. Qb2 Kh7 43. Qe2 Red8 44. Qh5 Nxd5 45. cxd5 Rxd5 46. Qg6+
Kh8 47. h3 Qe7 48. Bxh6 gxh6 49. Qxh6+ Qh7 50. Qxf6+ Qg7 51. Qh4+ Qh7 52. Qf6+
1/2-1/2

[Event "Bad Woerishofen sen"]
[Site "?"]
[Date "2002.??.??"]
[Round "9"]
[White "Fels, Karl-Heinz"]
[Black "Niebling, Ferdinand"]
[Result "0-1"]
[WhiteElo "1850"]
[BlackElo "2192"]
[Annotator "ChessOrg"]
[PlyCount "130"]
[EventDate "2002.??.??"]

1. e4 e6 2. d4 d5 3. Nc3 Bb4 4. e5 c5 5. a3 Bxc3+ 6. bxc3 Ne7 7. Qg4 O-O 8. h4
Nbc6 9. Ne2 f5 10. Qg3 Qa5 11. Bd2 Qa4 12. Kd1 cxd4 13. cxd4 Nxd4 14. Qd3 Nxe2
15. Bxe2 Nc6 16. f4 Bd7 17. Rh3 Rac8 18. Rb1 Rc7 19. Bb4 Nxb4 20. Rxb4 Qa5 21.
Qb3 Rfc8 22. c4 dxc4 23. Bxc4 Rxc4 24. Rxc4 Qd5+ 25. Rd3 Qxc4 26. Qxc4 Rxc4 27.
Rxd7 Rxf4 28. Rxb7 Ra4 29. Rb3 Ra5 30. Re3 Kf7 31. g3 g6 32. Ke2 h6 33. Kf3 g5
34. hxg5 hxg5 35. Rb3 Kg6 36. Re3 g4+ 37. Kf2 Kg5 38. Kg2 Rb5 39. Re2 Rb3 40.
Rc2 Rxa3 41. Rc6 Ra2+ 42. Kg1 f4 43. gxf4+ Kxf4 44. Rxe6 a5 45. Re8 Re2 46. e6
Kg3 47. Kf1 Re4 48. e7 a4 49. Ra8 Rxe7 50. Rxa4 Re3 51. Ra8 Rb3 52. Rg8 Rb1+
53. Ke2 Kh3 54. Rh8+ Kg2 55. Rg8 g3 56. Rg7 Rb5 57. Ke1 Re5+ 58. Kd2 Kf2 59.
Rf7+ Kg1 60. Rg7 g2 61. Rg8 Kf2 62. Rf8+ Kg3 63. Rg8+ Kf3 64. Rf8+ Kg4 65. Rg8+
Rg5 0-1

[Event "Bad Woerishofen sen"]
[Site "?"]
[Date "2002.??.??"]
[Round "9"]
[White "Herzel, Alois"]
[Black "Gudat, Alfons"]
[Result "0-1"]
[WhiteElo "1844"]
[BlackElo "2047"]
[Annotator "ChessOrg"]
[PlyCount "88"]
[EventDate "2002.??.??"]

1. d4 Nf6 2. c4 c5 3. e3 g6 4. Nf3 Bg7 5. Be2 O-O 6. O-O cxd4 7. exd4 d5 8. b3
Nc6 9. Bb2 Bf5 10. Na3 a6 11. c5 Nd7 12. Qd2 Rc8 13. b4 b5 14. Nc2 Bxc2 15.
Qxc2 Nxb4 16. Qb3 Nc6 17. Qxd5 e5 18. Rfd1 exd4 19. Nxd4 Nxd4 20. Rxd4 Bxd4 21.
Qxd4 f6 22. Qd5+ Kg7 23. Rd1 Nxc5 24. Qf3 Qe7 25. Ba3 Rfe8 26. Kf1 Rc7 27. Rd5
Qxe2+ 28. Qxe2 Rxe2 29. Kxe2 Ne4 30. Rd8 Nc3+ 31. Kd3 Nxa2 32. Bb2 Nb4+ 33. Ke4
Kf7 34. Rd6 f5+ 35. Kf3 Ke7 36. Rb6 Rc2 37. Be5 Nc6 38. Bf4 a5 39. Bg5+ Ke6 40.
Be3 b4 41. Kf4 a4 42. Rb5 a3 43. Rc5 Rxc5 44. Bxc5 a2 0-1

[Event "Bad Woerishofen sen"]
[Site "?"]
[Date "2002.??.??"]
[Round "9"]
[White "Ganslmayer, Herbert"]
[Black "Greifzu, Helmut"]
[Result "1/2-1/2"]
[WhiteElo "1780"]
[BlackElo "2036"]
[Annotator "ChessOrg"]
[PlyCount "34"]
[EventDate "2002.??.??"]

1. d4 d6 2. e3 f5 3. f4 Nf6 4. Nf3 g6 5. Bc4 e6 6. O-O d5 7. Bd3 Bg7 8. Ne5
Nbd7 9. Nd2 O-O 10. Ndf3 Ne4 11. g4 Nxe5 12. Nxe5 Bxe5 13. dxe5 Qe7 14. g5 c5
15. b3 Rd8 16. Qf3 b6 17. h4 Bb7 1/2-1/2

[Event "Bad Woerishofen sen"]
[Site "?"]
[Date "2002.??.??"]
[Round "9"]
[White "Zacharias, Helmut"]
[Black "von Hoesslin, Holger"]
[Result "0-1"]
[WhiteElo "1450"]
[BlackElo "1790"]
[Annotator "ChessOrg"]
[PlyCount "64"]
[EventDate "2002.??.??"]

1. d4 Nf6 2. g3 g6 3. Bg2 d6 4. Nd2 Nbd7 5. e4 Bg7 6. Ngf3 c6 7. O-O Qc7 8. Re1
e5 9. dxe5 dxe5 10. Nc4 O-O 11. Bd2 b5 12. Na3 a5 13. Qc1 Nb6 14. Bh6 b4 15.
Nb1 Bb7 16. Nh4 c5 17. c3 Rfe8 18. Bxg7 Kxg7 19. cxb4 axb4 20. a3 Red8 21. Nd2
c4 22. axb4 Rxa1 23. Qxa1 Rxd2 24. Nf3 Rd3 25. b3 c3 26. Qa5 Nfd7 27. Qb5 Qd6
28. Rc1 Rd1+ 29. Rxd1 Qxd1+ 30. Bf1 Qxf3 31. Bg2 Qd1+ 32. Bf1 c2 0-1

[Event "Bad Woerishofen sen"]
[Site "?"]
[Date "2002.??.??"]
[Round "9"]
[White "Janssen, Helmut"]
[Black "Neumann, Erwin"]
[Result "1/2-1/2"]
[WhiteElo "1910"]
[BlackElo "1810"]
[Annotator "ChessOrg"]
[PlyCount "57"]
[EventDate "2002.??.??"]

1. e4 e5 2. Nf3 Nf6 3. Nxe5 d6 4. Nf3 Nxe4 5. d4 d5 6. Bd3 Be7 7. O-O O-O 8. c4
Nf6 9. Nc3 c6 10. Re1 dxc4 11. Bxc4 Bg4 12. Be3 Bd6 13. h3 Bh5 14. Be2 Nbd7 15.
Qb3 Qb6 16. Qxb6 Nxb6 17. Rad1 Rfe8 18. Nh4 Bxe2 19. Rxe2 Nfd5 20. Nf5 Bb4 21.
Nxd5 Nxd5 22. Rc2 g6 23. Nh6+ Kg7 24. Ng4 h5 25. Ne5 f6 26. Nd3 Bd6 27. Re2 Re7
28. Rde1 Rae8 29. Kf1 1/2-1/2

[Event "Bad Woerishofen sen"]
[Site "?"]
[Date "2002.??.??"]
[Round "9"]
[White "Bareth, Walter"]
[Black "Wolf, Alfred"]
[Result "1/2-1/2"]
[WhiteElo "1851"]
[BlackElo "1718"]
[Annotator "ChessOrg"]
[PlyCount "73"]
[EventDate "2002.??.??"]

1. d4 g6 2. Nf3 Bg7 3. Bf4 Nf6 4. e3 d6 5. h3 O-O 6. Bc4 Nbd7 7. O-O b6 8. c3
Bb7 9. Nbd2 e6 10. Qe2 Ne4 11. Ba6 Bxa6 12. Qxa6 Nxd2 13. Nxd2 e5 14. Bh2 Qc8
15. Qd3 f5 16. Qc4+ Kh8 17. Nf3 h6 18. Qc6 e4 19. Nd2 Nf6 20. Rfc1 Qd7 21. Qxd7
Nxd7 22. c4 a5 23. a4 Rfe8 24. Nb3 Rac8 25. Rab1 Ra8 26. Rc2 Reb8 27. Rd1 Kg8
28. Nc1 Kf7 29. Ne2 g5 30. Nc3 Ke6 31. Nb5 Rc8 32. b3 Bf6 33. Kf1 h5 34. Ke2
Rab8 35. d5+ Kf7 36. Nd4 Kg6 37. Nc6 1/2-1/2

[Event "Bad Woerishofen sen"]
[Site "?"]
[Date "2002.??.??"]
[Round "9"]
[White "Vorderbruegge, Franz-Josef"]
[Black "Escher, Helmut"]
[Result "1/2-1/2"]
[WhiteElo "1679"]
[BlackElo "2030"]
[Annotator "ChessOrg"]
[PlyCount "45"]
[EventDate "2002.??.??"]

1. d4 Nf6 2. c4 g6 3. Nf3 Bg7 4. g3 O-O 5. Nc3 d6 6. Bg2 c6 7. h3 Re8 8. O-O
Nbd7 9. Re1 e5 10. e4 h6 11. Be3 Kh7 12. Kh2 b6 13. Rb1 Bb7 14. b4 exd4 15.
Nxd4 a6 16. Nf3 Qe7 17. Qb3 Ne5 18. Nxe5 dxe5 19. Rbd1 Rad8 20. a3 Bc8 21. Rxd8
Rxd8 22. Na4 Nd7 23. Rd1 1/2-1/2

[Event "Bad Woerishofen sen"]
[Site "?"]
[Date "2002.??.??"]
[Round "9"]
[White "Wolffram, Gert"]
[Black "Bakalarozyk, Wiodzimien"]
[Result "1/2-1/2"]
[WhiteElo "1754"]
[BlackElo "2000"]
[Annotator "ChessOrg"]
[PlyCount "66"]
[EventDate "2002.??.??"]

1. d4 Nf6 2. Nf3 d6 3. Bf4 b6 4. e3 Bb7 5. Nbd2 g6 6. Bd3 Bg7 7. O-O O-O 8. c3
Nbd7 9. h3 c5 10. Re1 Qc7 11. Rc1 Rac8 12. Qc2 Rfe8 13. Bh2 e5 14. dxe5 dxe5
15. e4 Bh6 16. Rcd1 Nh5 17. Bb5 Bc6 18. Bxc6 Qxc6 19. Nc4 Re6 20. Nfxe5 Nxe5
21. Nxe5 Qe8 22. Ng4 Bg7 23. f3 f5 24. Nf2 Bf6 25. Qd2 Rd8 26. Qe2 Bh4 27. Rxd8
Bxd8 28. Qc4 Kg7 29. Qd5 Nf6 30. Qd3 b5 31. c4 bxc4 32. Qxc4 Ba5 33. Re2 Bb6
1/2-1/2

[Event "Bad Woerishofen sen"]
[Site "?"]
[Date "2002.??.??"]
[Round "9"]
[White "Johannsen, Ingbert"]
[Black "Maassen, Hermann"]
[Result "1-0"]
[WhiteElo "1979"]
[BlackElo "1658"]
[Annotator "ChessOrg"]
[PlyCount "70"]
[EventDate "2002.??.??"]

1. e4 e6 2. d4 d5 3. Nc3 Bb4 4. e5 c5 5. a3 Ba5 6. b4 cxd4 7. Qxd4 Bb6 8. Qg4
Ne7 9. Qxg7 Rg8 10. Qxh7 Qc7 11. Nge2 d4 12. Ne4 Qxe5 13. Bf4 Qg7 14. Nd6+ Kd7
15. Qd3 e5 16. Nf5 Nxf5 17. Qxf5+ Kd6 18. Qd3 exf4 19. c4 Ke5 20. c5 Bxc5 21.
bxc5 Rd8 22. g3 Bf5 23. Qb3 Be4 24. gxf4+ Kf6 25. Rg1 Qh7 26. Qb2 Nc6 27. Rd1
Ke7 28. Rg3 d3 29. Nc3 Nd4 30. Bxd3 Bxd3 31. Rgxd3 Qxh2 32. Rxd4 Qg1+ 33. Ke2
Qg4+ 34. Ke3 Qh3+ 35. f3 Kf8 1-0

[Event "Bad Woerishofen sen"]
[Site "?"]
[Date "2002.??.??"]
[Round "9"]
[White "Schneider, Miloca"]
[Black "Harke, Horst"]
[Result "1-0"]
[WhiteElo "2078"]
[BlackElo "1760"]
[Annotator "ChessOrg"]
[PlyCount "122"]
[EventDate "2002.??.??"]

1. d4 d5 2. c4 e6 3. Nf3 Nf6 4. Bg5 Be7 5. e3 c6 6. Qc2 O-O 7. Bd3 dxc4 8. Bxc4
Nd5 9. Bxe7 Qxe7 10. O-O Nd7 11. Nc3 g6 12. Qd2 Nxc3 13. bxc3 b6 14. e4 b5 15.
Bb3 Bb7 16. Rfe1 a5 17. Bc2 Nb6 18. e5 Kg7 19. Bd3 Rad8 20. Ng5 b4 21. Ne4 bxc3
22. Qxc3 Qb4 23. Qxb4 axb4 24. Nd6 Ba8 25. a4 Nc8 26. Nxc8 Rxc8 27. Rab1 Rb8
28. Bc4 Rfd8 29. Red1 Rd7 30. Rd3 c5 31. dxc5 Rc7 32. Rd4 Rxc5 33. f4 Bd5 34.
Bxd5 exd5 35. Rdxb4 Rxb4 36. Rxb4 Ra5 37. g4 Kf8 38. Kf2 Ke7 39. Ke3 f6 40.
Rb7+ Ke6 41. Rb6+ Kf7 42. Rxf6+ Ke7 43. Kd4 Rxa4+ 44. Kxd5 g5 45. fxg5 Rxg4 46.
Rh6 Rxg5 47. Rxh7+ Kf8 48. Kd6 Rg2 49. h4 Rg4 50. h5 Ra4 51. e6 Ra6+ 52. Ke5
Ra2 53. Rf7+ Kg8 54. Kf6 Rf2+ 55. Ke7 Rh2 56. Rf5 Ra2 57. Kf6 Kf8 58. h6 Rh2
59. Kg6+ Kg8 60. e7 Rg2+ 61. Kf6 Re2 1-0

[Event "Bad Woerishofen sen"]
[Site "?"]
[Date "2002.??.??"]
[Round "9"]
[White "Ziltener, Werner"]
[Black "Wohlfart, Karl-Heinz"]
[Result "1/2-1/2"]
[WhiteElo "2045"]
[BlackElo "1730"]
[Annotator "ChessOrg"]
[PlyCount "64"]
[EventDate "2002.??.??"]

1. Nf3 d6 2. g3 Nf6 3. c4 g6 4. Bg2 c5 5. d4 cxd4 6. Nxd4 Bg7 7. O-O O-O 8. Nc3
a6 9. b3 Qc7 10. Nd5 Nxd5 11. cxd5 Nd7 12. Bg5 Nf6 13. Qd2 Qb6 14. Be3 Qd8 15.
Qb4 Nd7 16. Rac1 Nc5 17. Qd2 Re8 18. b4 Na4 19. Qc2 Bd7 20. Qc7 Bb5 21. Qxb7
Rb8 22. Qc7 Rc8 23. Qxd8 Rcxd8 24. Nc6 Ra8 25. Rc2 Nc3 26. Bf3 Ba4 27. Rd2 Kf8
28. Rc1 Rac8 29. Bd4 Bxd4 30. Nxd4 Rc4 31. a3 Rec8 32. Kg2 Nb5 1/2-1/2